000 00800nac a22001931u 4500
008 100914t xxu||||| |||| 00| 0 eng d
010 _a 87005040
020 _a0830608001
020 _a0830628002
082 0 0 _a629.892
_bMCC
100 _aMcComb, Gordon.
_919092
245 1 4 _aThe Robot Builder's Bonanza :
_b99 Inexpensive Robotics Projects /
_cGordon McComb.
260 _aBlue Ridge Summit, PA :
_bTab Books,
_c1987.
300 _aix, 326 p. :
_bill. ;
_c25 cm.
504 _aIncludes Bibliography: p. 313-315 and index
650 0 _aRobotics.
_919093
942 _cBB
_k629.892MCC
_2ddc
999 _c4109
_d4109